000 00703nam a2200205Ii 4500
003 JO-AjNU
008 230605s9999||||xx |||||||||||||| ||und||
040 _aJO-AjNU
_bara
_erda
_cJO-AjNU
041 _aara
050 1 4 _aJX5141.Q28.2009
100 3 _aد ، م,
_eauthor
_933758
245 0 0 _aالقواعد الأساسية لاتفاقيات جنيف وبروتوكوليها الإضافيين
250 _a(د،ط)
264 3 1 _aجنيف : اللجنة الدولية للصليب الأحمر ، 2009
300 _a70ص
336 _atext
_btxt
_2rdacontent
337 _aunmediated
_bn
_2rdamedia
338 _avolume
_bnc
_2rdacarrier
650 4 _aإتفاقيات جنيف، 1949م
_933759
999 _aA13772
_c17340
_d17340